000 00684nam a2200277Ia 4500
005 20260324122654.0
008 008 260324s9999 xx 000 0 eng d
020 _a9780203113301
037 _aEBOOK
040 _aCRL
040 _beng
040 _cCRL
041 _2eng
041 _aeng
084 _qCRL
100 _aPhilip Whyman; Mark Baimbridge; Andrew Mullen
_91167351
245 4 _aThe Political Economy of the European Social Model
260 _bTaylor and Francis
260 _c2012
365 _a
365 _b240
856 _uhttp://www.taylorfrancis.com/books/9780203113301
942 _cEBOOK
999 _c1760282
_d1760282